Statistics for Shared Prefixes Quiz #4

Click here to take the quiz!

General Stats

  • This quiz has been taken 22,150 times
  • The average score is 12 of 21

Answer Stats

Words % Correct
{Oct}opus, {Oct}agon
85%
{Ortho}dox, {Ortho}dontist
85%
{Dys}topia, {Dys}lexia
83%
{Ultra}violet, {Ultra}orthodox
82%
{Anti}aircraft, {Anti}social
81%
{Hemo}globin, {Hemo}philiac
80%
{Mega}byte, {Mega}phone
80%
{Epi}dermis, {Epi}logue
79%
{Pan}demic, {Pan}acea
74%
{Mis}treat, {Mis}chief
68%
{Psych}opath, {Psych}iatry
62%
{Nano}second, {Nano}technology
60%
{Hetero}sexual, {Hetero}dox
48%
{Extra}marital, {Extra}dition
48%
{Mem}ento, {Mem}orize
35%
{Under}belly, {Under}brush
35%
{Quad}ratic, {Quad}ricep
30%
{Magn}animous, {Magn}itude
28%
{Somn}ambulism, {Somn}iferous
23%
{Simul}taneous, {Simul}acrum
20%
{Deci}mate, {Deci}liter
19%

Score Distribution

Percentile by Number Answered

Percent of People with Each Score

Your Score History

You have not taken this quiz